000
00245nam a2200097Ia 4500
001
688099
005
20250826161608.0
008
250824s9999 xx 000 0 und d
245
0
_a
YÜKSEK ÖKÇEELER
_c
ÖMER SEYFETTİN
260
_b
TİMAŞ YAYINLARI
999
_c
688099
_d
688099